| 000 | 01405nam a2200277Ia 4500 | ||
|---|---|---|---|
| 003 | OSt | ||
| 005 | 20201028223304.0 | ||
| 008 | 191128s2015 sp ac gr 000 0dspa d | ||
| 020 | _a9788415986638 | ||
| 040 |
_aCO-JMCR _cCO-JMCR |
||
| 041 | 0 | _aspa | |
| 082 | 0 | 4 |
_a658.45 / _bZ852c _223 |
| 100 | 1 |
_aZumeta Landaribar, Gorka, _eautor _912186 |
|
| 245 | 1 | 1 |
_a¡Comunica bien, jef@! : _banálisis de la comunicación en la empresa / _cGorka Zumeta |
| 250 | _aPrimera edición | ||
| 260 |
_aMadrid : _bEsic Editorial, _c2015 |
||
| 300 |
_a191 páginas : _bretratos a blanco y negro ; _c24 cm. |
||
| 500 | _aIncluye datos biográficos del autor en solapa. | ||
| 504 | _aBibliografía: páginas [189]-191 | ||
| 505 | 0 | _aLa base de la pirámide: los trabajadores -- La media base de la pirámide: los jefes intermedios -- La parte superior de la pirámide: el staff directivo -- La punta de la pirámide: el CEO -- El Dircom, adjunto al CEO | |
| 520 | 3 | _aDecía Aristóteles que somos "seres racionales", y es cierto, pero el devenir de los tiempos nos ha hecho añadir a la reflexión del filósofo griego, otra condición humana: también somos seres emocionales. Y en ese microuniverso donde desarrollamos n | |
| 650 | 1 | 4 |
_aComunicación en dirección del personal _912187 |
| 650 | 1 | 4 |
_aPlanificación estratégica _9262 |
| 650 | 2 | 4 |
_aComunicación en las organizaciones _912188 |
| 942 |
_2ddc _cBK |
||
| 999 |
_c4776 _d4776 |
||